000 00485nam a2200193Ia 4500
003 OSt
005 20260527122718.0
008 210210b1981 xxu||||| |||| 00| 0 eng d
040 _cAL
041 _aEnglish
082 _aS891.6 ARCS
100 _aARCHAK (K B)
_9151851
245 _aSankara and Madhva on the Isavasya Upanisad
260 _aDharwad
_bVanavasi Rama Mandir
_c1981
300 _a174,36
690 _aSanskrit Prakirana
_9151859
906 _a051250
942 _2ddc
_cBK
999 _c99602
_d99602